书目信息 |
| 题名: |
公民道德修养手册
|
|
| 作者: | 本书编写组[编] | |
| 分册: | ||
| 出版信息: | 北京 红旗出版社 2001 |
|
| 页数: | 157页 | |
| 开本: | 20cm | |
| 丛书名: | ||
| 单 册: | ||
| 中图分类: | D648.3 | |
| 科图分类: | ||
| 主题词: | 政治--中国 | |
| 电子资源: | ||
| ISBN: | 7-5051-0628-7 | |
| 000 | 00646nam0 2200193 450 | |
| 001 | 0737432832 | |
| 005 | 20070726091624.03 | |
| 010 | @a7-5051-0628-7@dCNY12.00 | |
| 100 | @a20070721d2001 km y0chiy0120 ea | |
| 101 | 0 | @achi |
| 102 | @aCN@b110000 | |
| 200 | 1 | @a公民道德修养手册@Agong min dao de xiu yang shou ce@e学习《公民道德建设实施纲要》@f本书编写组[编]@Fben shu bian xie zu[bian] |
| 210 | @a北京@c红旗出版社@d2001 | |
| 215 | @a157页@d20cm | |
| 517 | 1 | @a学习《公民道德建设实施纲要》@Axue xi《gong min dao de jian she shi shi gang yao》 |
| 606 | 0 | @a政治@x中国 |
| 690 | @aD648.3@v3 | |
| 801 | 0 | @aCN@bPFT@c20070726 |
| 905 | @a10447@dD648.3@e149 | |
| 公民道德修养手册:学习《公民道德建设实施纲要》/本书编写组[编].-北京:红旗出版社,2001 |
| 157页;20cm |
| ISBN 7-5051-0628-7:CNY12.00 |
| ● |
| 相关链接 |
|
|
|
|
正题名:公民道德修养手册
索取号:D648.3/149
 
预约/预借
| 序号 | 登录号 | 条形码 | 馆藏地/架位号 | 状态 | 备注 |
| 1 | 0769301 | 207693012 | 密集书库/ [索取号:D648.3/149] | 在馆 |